Loreto College Library, Kolkata
WEBOPAC (ONLINE PUBLIC ACCESS CATALOGUE)

Nirala kavya mein vividh ayam (Record no. 18117)

MARC details
000 -LEADER
fixed length control field 00618nam a2200205Ia 4500
008 - FIXED-LENGTH DATA ELEMENTS--GENERAL INFORMATION
fixed length control field 131103s9999 xx 000 0 und d
020 ## - ISBN | অাই এস বি এন
ISBN | অাই এস বি এন 8185727457
PRICE Rs.250.00
040 ## - CATALOGING SOURCE
Original cataloging agency Loreto College
041 ## - LANGUAGE CODE
Language code English
082 ## - DDC | ডিউই
Classification number | বর্গসংখ্যা 891.431/NIR-SIN
Book Number | গ্রন্থাঙ্ক LCLIB/45336
100 ## - MAIN ENTRY--PERSONAL NAME | মুখ্য সংলেখ - ব্যাক্তিনাম
Personal name | ব্যাক্তিনাম Singh,Indra Raj
245 ## - TITLE STATEMENT | অাখ্যা বিবরণী
Title | অাখ্যা Nirala kavya mein vividh ayam
Statement of responsibility | লেখকের দায়িত্বের বিবরণ Indra Raj Singh
260 ## - IMPRINT | প্রকাশনা ক্ষেত্র
Place of publication | প্রকাশ স্থান New Delhi
Name of publisher | প্রকাশকের নাম Takshila Prakasan
Date of publication | প্রকাশ কাল 1997
300 ## - PHYSICAL DESCRIPTION |
Page / Vol. No | পৃষ্ঠা / খন্ড সংখ্যা 255 p.
630 ## - SUBJECT ADDED ENTRY--UNIFORM TITLE
Uniform title Nirala - Criticism and interpretation
650 ## - SUBJECT ADDED ENTRY--TOPICAL TERM | বিষয় শিরোনাম - মূল বিষয়
Topical term | মূল বিষয় Nirala
651 ## - SUBJECT ADDED ENTRY--GEOGRAPHIC NAME | বিষয় শিরোনাম - ভৌগলিক নাম
Geographic name | ভৌগলিক বিষয় Hindi poetry - Criticism and intepretation
850 ## - HOLDING INSTITUTION
Holding institution LCLIB/891.431/NIR-SIN
942 ## - ADDED ENTRY ELEMENTS (KOHA)
Koha item type Books
Holdings
Withdrawn status Lost status Damaged status Not for loan Home library Current library Date acquired Total Checkouts Full call number Accession No. Date last seen Date checked out Price effective from Koha item type
        Loreto College Loreto College 04/11/2013 1 891.431/NIR-SIN LCLIB/45336 B18655 07/09/2016 07/09/2016 04/11/2013 Books